| 000 | 00738cam a2200181 4500 | ||
|---|---|---|---|
| 001 | WS109131 | ||
| 008 | 000000n 000 0 eng u | ||
| 035 | _a(Sirsi) u109131 | ||
| 110 |
_aMilk Development Council _93959 |
||
| 245 | _aMilk Development Council | ||
| 520 | _aWeb site for this statutory body funded by British dairy farmers which aims 'to improve the competitiveness and profitability of British dairy farmers'. Includes a news section, research projects and details of ongoing projects. | ||
| 650 | _aMILK PRODUCTION | ||
| 650 | _aDAIRY FARMERS | ||
| 650 | _aRESEARCH | ||
| 690 | _aRURAL-AGRICULTURE AND FORESTRY | ||
| 856 | 4 | 0 |
_uhttps://www.mdc.org.uk _zView the website free of charge at www.mdc.org.uk... |
| 942 | _n0 | ||
| 999 |
_c119714 _d119714 |
||